000 01340nam a2200349Ia 4500
001 Z_5314
003 CHAP
008 220113s2006 xx 000 0 und d
010 _a168380
040 _cCHAP
090 _aTesis A43 1908
100 _aAlarcón Ramírez, Anabel
_93375
245 _aDietas prácticas para cerdos en crecimiento y desarrollo y su análisis beneficio - costo económico /
_cAnabel Alarcón Ramírez y Pedro Ramos Mondragón
260 _aChapingo, Méx. :
_bEl autor,
_c2006
300 _a50 h.
502 _aTesis (Ingeniero Agrónomo Especialista en Zootecnia) -- UACh, 2006 \ Dirección: Fernando Copado Bueno; asesoría: José Ayala Oseguera y Agustin Ruiz Flores
650 _aGanado porcino
_x
_x Alimentación
_9142667
650 _aGanado porcino
_x
_x Aspectos económicos
_9142668
650 _aGanado porcino
_x
_x Costos de producción
_9142669
650 _aGanado porcino
_x
_x Crecimiento
_9142670
650 _aGanado porcino
_x
_x Engorda
_9142671
700 _a Ayala Oseguera, José, asesor
_9142672
700 _a Copado Bueno, Fernando, director
_9142673
700 _a Ruiz Flores, Agustin, asesor
_9142674
700 _aRamos Mondragón, Pedro, coaut.
_9142675
901 _aTESIS A43 1908
902 _aM
910 _a2006
942 _c2
942 _c2
999 _c168380
_d168380